000 00733nam a2200241Ia 4500
003 OSt
005 20220930071012.0
006 a|||||r|||| 00| 0
007 ta
008 220926b |||||||| |||| 00| 0 eng d
024 _a7825
037 _cTheses
040 _aCRL
_cCRL
_beng
041 _2eng
_aeng
100 _aVickers Simon A.C.
_9527848
110 _aUniversity of Delhi. Faculty of Social Sciences. Department of History
245 0 _aOfficial attitude towards Indian emigration within the commonwealth 1870-1947
260 _c1976
650 _aHISTORY
700 _aUniversity of Delhi. Faculty of Social Sciences. Department of History
942 _cDIS
_2CC
999 _c861720
_d861720